Animal Phrases in English Click 2 Quiz Stats

 Plays Quiz not verified by Sporcle

Score 0/20 Timer 03:00
0 Plays Today
% Correct
Snail
95%
Bat
94.6%
Flies
94.3%
Fox
93.5%
Sheep
93.4%
Worms
92.8%
Oyster
92.6%
Bull
92.3%
Hawk
92.2%
Beaver
92%
% Correct
Camel
92%
Pig
91.4%
Whale
91.1%
Rat
90.8%
Goose
90%
Ducks
88.2%
Possum
88.2%
Tiger
87.4%
Fish
86.7%
Guinea Pig
82.1%

You're not logged in!

Compare scores with friends on all Sporcle quizzes.
OR
Log In

Sporcle TV

Today on Sporcle TV


Watch our educational content, quiz creation guides, and fun videos on Sporcle TV.

Show Comments

Extras

Top Quizzes Today


Score Distribution

Your Account Isn't Verified!

In order to create a playlist on Sporcle, you need to verify the email address you used during registration. Go to your Sporcle Settings to finish the process.

Report this User

Report this user for behavior that violates our Community Guidelines.

Details: